| 000 | 00916cam a2200277 i 4500 | ||
|---|---|---|---|
| 001 | 23540 | ||
| 003 | Mx-PuUPA | ||
| 005 | 20240717140524.0 | ||
| 008 | 140415s1998 mx gr 000 0 spa d | ||
| 020 | _a9686802126 | ||
| 040 |
_aMx-PuUPA _bspa _cMx-PuUPA _dMx-PuUPA _erda |
||
| 041 | 0 | _aspa | |
| 245 | 0 | 3 |
_aLa integración Latinoamericana y las Universidades / _cRoberto Rodríguez Gómez, coordinador |
| 250 | _aPrimera edición | ||
| 264 | 1 |
_aMéxico : _bUnión de Universidades de América Latina, _c1998 |
|
| 300 |
_a386 páginas ; _c23 cm |
||
| 336 |
_2rdacontent _atexto _btxt |
||
| 337 |
_2rdamedia _asin medio _bn |
||
| 338 |
_2rdacarrier _avolumen _bnc |
||
| 490 | 0 |
_aColección UDAL ; _v8 |
|
| 650 | 7 |
_aUniversidades _2armarc _zAmérica Latina |
|
| 700 | 1 |
_aRodríguez Gómez, Roberto, _ecoordinador |
|
| 942 |
_2ddc _cLI _h378.8 _iI65 |
||
| 999 |
_c23540 _d23540 |
||